Good Word Guide/ (Record no. 190677)

MARC details
000 -LEADER
fixed length control field 00589nam a22001817a 4500
005 - DATE AND TIME OF LATEST TRANSACTION
control field 20220802144207.0
010 ## - LCCN (DPL NO)
LC control number ENG-134165
020 ## - INTERNATIONAL STANDARD BOOK NUMBER
International Standard Book Number 9789386250667
Terms of availability 899.00
035 ## - SYSTEM CONTROL NUMBER
System control number EN-117697
037 ## - SOURCE OF ACQUISITION
Source of stock number/acquisition DBAB/PUB
082 ## - DEWEY DECIMAL CLASSIFICATION NUMBER
Classification number 480.1
245 ## - TITLE STATEMENT
Title Good Word Guide/
Statement of responsibility, etc Edited by Martin H. Manser
250 ## - EDITION STATEMENT
Edition statement Seventh Edition
260 ## - PUBLICATION, DISTRIBUTION, ETC. (IMPRINT)
Place of publication, distribution, etc New Delhi
Name of publisher, distributor, etc Bloomsbury Publising India Pvt. Ltd
Date of publication, distribution, etc 2017
270 ## - ADDRESS
Address Second Floor, Building No. 4 DDA Complex LSC Pocket C-6 & 7 Vasant Kunj
City New Delhi
Postal code 110070
300 ## - PHYSICAL DESCRIPTION
Extent xvii, 460p.
Dimensions 20cm(pbk)
942 ## - ADDED ENTRY ELEMENTS (KOHA)
Source of classification or shelving scheme Dewey Decimal Classification
Item type English Books
Classification part 480.1
Call number suffix GOO
Holdings
Withdrawn status Lost status Not for loan Collection code Home library Current library Date acquired Source of acquisition Cost, normal purchase price Full call number Barcode Copy number Cost, replacement price Koha item type
      Non-fiction Bawana Bawana 02/08/2022 DBAD/PUB 899.00 480.1 GOO EN-117697 1 899.00 English Books

© Delhi Public Library
Hit Counter
free hit counter